<?xml version="1.0" encoding="UTF-8"?>
<record
    xmlns:xsi="http://www.w3.org/2001/XMLSchema-instance"
    xsi:schemaLocation="http://www.loc.gov/MARC21/slim http://www.loc.gov/standards/marcxml/schema/MARC21slim.xsd"
    xmlns="http://www.loc.gov/MARC21/slim">

  <leader>00659naaaa2200217 a 4500</leader>
  <controlfield tag="005">20240807085759.0</controlfield>
  <controlfield tag="008">150806s1989    ag a   gr    |||| 0|spa d</controlfield>
  <datafield tag="010" ind1=" " ind2=" ">
    <subfield code="a"> </subfield>
  </datafield>
  <datafield tag="020" ind1=" " ind2=" ">
    <subfield code="a">8428504156 </subfield>
  </datafield>
  <datafield tag="022" ind1=" " ind2=" ">
    <subfield code="y"> </subfield>
  </datafield>
  <datafield tag="041" ind1=" " ind2=" ">
    <subfield code="a">spa</subfield>
  </datafield>
  <datafield tag="092" ind1=" " ind2=" ">
    <subfield code="c">220</subfield>
    <subfield code="l">75</subfield>
    <subfield code="s">ROD</subfield>
  </datafield>
  <datafield tag="130" ind1="1" ind2=" ">
    <subfield code="a">La Biblia</subfield>
    <subfield code="9">4164</subfield>
  </datafield>
  <datafield tag="245" ind1="3" ind2=" ">
    <subfield code="a">La biblia.</subfield>
    <subfield code="b">Latinoam&#xE9;rica /</subfield>
  </datafield>
  <datafield tag="250" ind1=" " ind2=" ">
    <subfield code="a">49a ed.</subfield>
    <subfield code="b">Diagramaci&#xF3;n e ilustraci&#xF3;n Hern&#xE1;n Rodas</subfield>
  </datafield>
  <datafield tag="260" ind1=" " ind2=" ">
    <subfield code="a">Madrid:</subfield>
    <subfield code="b">San Pablo ; Editorial Verbo Divino;</subfield>
    <subfield code="c">1989.</subfield>
  </datafield>
  <datafield tag="300" ind1=" " ind2=" ">
    <subfield code="a">520 p.</subfield>
  </datafield>
  <datafield tag="500" ind1=" " ind2=" ">
    <subfield code="a">La biblia. (1989). La Biblia. Latinoam&#xE9;rica. (49a ed.). Madrid : San Pablo ; Editorial Verbo Divino.</subfield>
  </datafield>
  <datafield tag="655" ind1=" " ind2=" ">
    <subfield code="a">Religi&#xF3;n</subfield>
    <subfield code="9">4165</subfield>
  </datafield>
  <datafield tag="942" ind1=" " ind2=" ">
    <subfield code="2">ddc</subfield>
    <subfield code="c">LIT</subfield>
  </datafield>
  <datafield tag="999" ind1=" " ind2=" ">
    <subfield code="c">2190</subfield>
    <subfield code="d">2190</subfield>
  </datafield>
  <datafield tag="952" ind1=" " ind2=" ">
    <subfield code="0">0</subfield>
    <subfield code="1">0</subfield>
    <subfield code="2">ddc</subfield>
    <subfield code="4">0</subfield>
    <subfield code="7">0</subfield>
    <subfield code="8">NFIC</subfield>
    <subfield code="a">BFM</subfield>
    <subfield code="b">BFM</subfield>
    <subfield code="c">CR</subfield>
    <subfield code="d">2015-08-06</subfield>
    <subfield code="l">7</subfield>
    <subfield code="p">3521</subfield>
    <subfield code="r">2015-09-18</subfield>
    <subfield code="s">2015-08-27</subfield>
    <subfield code="w">2015-08-06</subfield>
  </datafield>
</record>
